000 01740nam2a22002891 4500
001 v19\rc\1425278
005 20260406143403.0
035 _a(NLR Aleph) 005236288
090 _a5657717
_c5657717
100 _a20060818d1914 |||y0rusy50 ca
101 0 _arus
102 _aRU
105 _ay z |||||
200 0 _a[Ч. 1]
210 _d1914
_aБ. м.
215 _a106, 1544 с.
316 _aЭкз. РНБ на шифре 37.26а.1.1(1914-1) с экслибрисом Библиотеки Николая II: "Собственная Его Величества Библиотека: Зимний Дворец" и монограмма "Н II"
_aВ конце кн. рукоп. помета: Кн. поступ. N 152 12 февр.1915 г. из конм. Его Велич.
_5NLR: 37.26а.1.1(1914-1)
320 _aАлфавит гражданским чинам: с. 3-106 первой паг.
461 0 _1001RU\NLR\19V\926980
_12001#$aСписок гражданским чинам четвертого класса$eисправлен по 1-е марта 1914 г.$v[Ч. 1]
_910739858
_cПетроград
_d1914
_nИздание Инспекторского отдела Собственной Е. И. В. канцелярии
_oисправлен по 1-е марта 1914 г.
_tСписок гражданским чинам четвертого класса
_v[Ч. 1]
702 0 _4390
_8rus
_7ca
_aНиколай
_cимператор российский
_dII
_f1868-1918
_3RU\NLR\AUTH\773750
_9113742
801 2 _aRU
_bNLR
_c20091020
_2rusmarc
801 0 _aRU
_bNLR
_c20060818
_gpsbo
801 0 _aRU
_bRuMoRGB
_c20060818
_2psbo
801 1 _aRU
_bProSoft-M
_c20060818
_2rusmarc
852 _aNLR
_j37.26a.1.1(1914-1)
942 _cBOOK
980 _aNB